Phiêu lưu cùng côn trùng T.2 Phiêu lưu cùng côn trùng

Uloženo v:
Podrobná bibliografie
Médium: Kniha
Jazyk:Vietnamese
Vydáno: TP. HCM Trẻ 1999
Témata:
Tagy: Přidat tag
Žádné tagy, Buďte první, kdo otaguje tento záznam!
Thư viện lưu trữ: Mạng thư viện Đại học Đà Nẵng
LEADER 00760nam a2200277 4500
001 000013590
003 9934
005 20120319100323.0
008 120319s1999 viesd
020 |c 7500đ 
041 0 |a vie 
082 |a 595.7  |b PHI 
245 1 0 |a Phiêu lưu cùng côn trùng  |c Hà Văn Thùy (biên soạn)  |n T.2  |p Phiêu lưu cùng côn trùng 
260 |a TP. HCM  |b Trẻ  |c 1999 
300 |a 94 tr  |c 20 cm 
653 |a côn trùng 
773 |t Phiêu lưu cùng côn trùng  |w 9929 
910 |a Nguyễn Thị Lê Na 
OWN |a LSP 
999 |a From the UDN01 
TYP |a Monograph 
TYP |a Printed language 
980 |a Mạng thư viện Đại học Đà Nẵng